Acides aminés lettre -] nom - Statistiques

Statistiques générales
  • Ce quiz a été pris 1 037 fois
  • Le résultat moyen est 18 sur 20
Statistiques - réponses
Lettre Acide Aminé % Correct
V Valine
97%
A Alanine
96%
L Leucine
96%
G Glycine
95%
I Isoleucine
95%
M Methionine
92%
S Serine
90%
C Cystéine
89%
F Phenylalanine
89%
P Proline
89%
H Histidine
88%
Q Glutamine
86%
K Lysine
86%
W Tryptophane
85%
Y Tyrosine
85%
N Asparagine
84%
T Threonine
84%
R Arginine
82%
E Glutamate
80%
D Aspartate
77%
Aucun quiz correspondant
Distribution des résultats
% des personnes avec chaque résultat
Percentile par nombre de réponses
Votre historique - résultats
Vous n’avez pas pris ce quiz